000 00456nam a22001697a 4500
999 _c5402
_d5402
003 GBCCL
005 20241126110540.0
008 180316b ||||| |||| 00| 0 eng d
020 _a0570068673
040 _cgbc
082 _a226.96
_bLOR
245 _aThe Lord's Prayer:
_bFoundations in Faith /
_cEdited by Thomas Doyle
260 _aSt. Louis:
_bConcordia Publishing House,
_c1998
300 _a80 p.;
_c21 cm.
650 _aPrayer
_9332
942 _2ddc
_cBK